| 000 -LEADER |
| fixed length control field |
01424 a2200253 4500 |
| 003 - CONTROL NUMBER IDENTIFIER |
| control field |
Nust |
| 005 - DATE AND TIME OF LATEST TRANSACTION |
| control field |
20220725094842.0 |
| 010 ## - LIBRARY OF CONGRESS CONTROL NUMBER |
| LC control number |
94158377 |
| 020 ## - INTERNATIONAL STANDARD BOOK NUMBER |
| International Standard Book Number |
0030972191 |
| 035 ## - SYSTEM CONTROL NUMBER |
| System control number |
(OCoLC)28998314 |
| 040 ## - CATALOGING SOURCE |
| Transcribing agency |
Nust |
| 082 00 - DEWEY DECIMAL CLASSIFICATION NUMBER |
| Classification number |
004.16,GOO |
| 100 1# - MAIN ENTRY--PERSONAL NAME |
| Personal name |
Goodman, James |
| 9 (RLIN) |
94838 |
| 245 12 - TITLE STATEMENT |
| Title |
A programmer's view of computer architecture : |
| Remainder of title |
with Assembly Language examples from the MIPS RISC architecture / |
| Statement of responsibility, etc. |
James Goodman, Karen Miller. |
| 260 ## - PUBLICATION, DISTRIBUTION, ETC. |
| Place of publication, distribution, etc. |
Forth Worth, Tex. : |
| Name of publisher, distributor, etc. |
Saunders College Pub., |
| Date of publication, distribution, etc. |
c1993. |
| 300 ## - PHYSICAL DESCRIPTION |
| Extent |
xi, 402 p. : |
| Other physical details |
ill. ; |
| Dimensions |
24 cm. |
| 505 ## - FORMATTED CONTENTS NOTE |
| Formatted contents note |
Abstraction And Computers (Page-1), A Simple Abstract Language (Page-21), Number Systems (Page-55), Data Representation (Page-83), Arithmetic And Logical Operation (Page-113), Floating Point Arithmetic (Page-139), Data Structure (Page-167), Registers And MAL (Page-195), Procedures (Page-227), The Assembly Process (Page-253), Input And Output (Page-287), Interrupts And Exception Handling (Page-307), Architectural Performance (Page-339), Alternative Architectures (Page-361) |
| 650 #0 - SUBJECT ADDED ENTRY--TOPICAL TERM |
| Topical term or geographic name entry element |
Computer architecture. |
| 650 #0 - SUBJECT ADDED ENTRY--TOPICAL TERM |
| Topical term or geographic name entry element |
Reduced instruction set computers. |
| 9 (RLIN) |
94839 |
| 700 1# - ADDED ENTRY--PERSONAL NAME |
| Personal name |
Miller, Karen, |
| Dates associated with a name |
1962- |
| 9 (RLIN) |
94840 |
| 856 42 - ELECTRONIC LOCATION AND ACCESS |
| Materials specified |
Publisher description |
| Uniform Resource Identifier |
<a href="http://www.loc.gov/catdir/enhancements/fy0636/94158377-d.html">http://www.loc.gov/catdir/enhancements/fy0636/94158377-d.html</a> |
| 856 42 - ELECTRONIC LOCATION AND ACCESS |
| Materials specified |
Table of contents only |
| Uniform Resource Identifier |
<a href="http://www.loc.gov/catdir/enhancements/fy0636/94158377-t.html">http://www.loc.gov/catdir/enhancements/fy0636/94158377-t.html</a> |
| 942 ## - ADDED ENTRY ELEMENTS (KOHA) |
| Source of classification or shelving scheme |
|
| Koha item type |
Book |
| Call number prefix |
004.16,GOO |